[Event "SV Erkenschwick 1 - Oberhausener SV 1"]
[Site "NRW-Klasse, Gruppe 1 2014/201"]
[Date "2014.09.14"]
[Round "1.4"]
[White "Erwich, Frank"]
[Black "Litwak, Aleksej"]
[Result "1/2-1/2"]
[WhiteElo "2290"]
[BlackElo "2243"]
[PlyCount "91"]
[EventDate "2014.??.??"]
[WhiteTeam "SV Erkenschwick 1"]
[BlackTeam "Oberhausener SV 1"]

1. e4 c5 2. Nf3 d6 3. Bb5+ Bd7 4. Bxd7+ Qxd7 5. c4 Nf6 6. Nc3 g6 7. d4 cxd4 8.
Nxd4 Bg7 9. b3 O-O 10. Bb2 Nc6 11. O-O e6 12. Rc1 Rfd8 13. Re1 Rac8 14. Nxc6
bxc6 15. Na4 d5 16. Bxf6 Bxf6 17. Qf3 Bg7 18. Nc5 Qe7 19. Nd3 dxe4 20. Rxe4 Qa3
21. Rc2 Qd6 22. Ne1 f5 23. Re3 e5 24. Rd3 Qb4 25. Qe2 e4 26. Rxd8+ Rxd8 27. Kf1
a5 28. g4 a4 29. bxa4 Qxa4 30. gxf5 gxf5 31. c5 Qa5 32. Ng2 Rd4 33. Nf4 Qc7 34.
Qe3 Rd1+ 35. Kg2 Rb1 36. Rd2 Bh6 37. Qg3+ Kf7 38. Rd6 Bf8 39. Qh3 Bxd6 40.
Qxf5+ Kg8 41. cxd6 Qxd6 42. Qg4+ Kh8 43. Qc8+ Kg7 44. Qg4+ Kh8 45. Qc8+ Kg7 46.
Qg4+ 1/2-1/2

[Event "SV Erkenschwick 1 - Oberhausener SV 1"]
[Site "NRW-Klasse, Gruppe 1 2014/201"]
[Date "2014.09.14"]
[Round "1.5"]
[White "Soehnchen, Andreas"]
[Black "Homs, Guust"]
[Result "0-1"]
[WhiteElo "2134"]
[BlackElo "2162"]
[PlyCount "76"]
[EventDate "2014.??.??"]
[WhiteTeam "Oberhausener SV 1"]
[BlackTeam "SV Erkenschwick 1"]

1. d4 d5 2. c4 e6 3. Nc3 Nf6 4. cxd5 exd5 5. Bg5 Be7 6. e3 c6 7. Qc2 Nbd7 8.
Bd3 h6 9. Bf4 Nh5 10. Nge2 Nxf4 11. Nxf4 Nf6 12. O-O O-O 13. Rfd1 Bd6 14. Nfe2
Re8 15. Ng3 Ng4 16. Nf1 Bd7 17. Bh7+ Kh8 18. Bf5 Bxf5 19. Qxf5 Nf6 20. Rac1 g6
21. Qb1 Ng4 22. h3 Nf6 23. Re1 Kg7 24. e4 dxe4 25. Nxe4 Bb4 26. Nc3 Qxd4 27.
Red1 Qh4 28. Qc2 Bc5 29. Rd2 Rad8 30. Rxd8 Rxd8 31. Nd1 Bb6 32. Nde3 Qe4 33.
Qb3 Rd3 34. Qc2 Rd7 35. Qb3 Nd5 36. Ng3 Qb4 37. Qd1 Qxb2 38. Rc2 Nxe3 0-1

[Event "SV Erkenschwick 1 - Oberhausener SV 1"]
[Site "NRW-Klasse, Gruppe 1 2014/201"]
[Date "2014.09.14"]
[Round "1.6"]
[White "Krings, Christoph"]
[Black "Nissen, Claus"]
[Result "1-0"]
[WhiteElo "2093"]
[BlackElo "2114"]
[PlyCount "125"]
[EventDate "2014.??.??"]
[WhiteTeam "SV Erkenschwick 1"]
[BlackTeam "Oberhausener SV 1"]

1. d4 e6 2. Nf3 Nf6 3. g3 b6 4. Bg2 Bb7 5. O-O Be7 6. c4 O-O 7. Nc3 c5 8. d5
exd5 9. cxd5 d6 10. e4 b5 11. Nxb5 Nxe4 12. Re1 f5 13. Nd2 a6 14. Nxe4 axb5 15.
Nxc5 dxc5 16. d6 Qxd6 17. Qxd6 Bxd6 18. Bxb7 Ra7 19. Bd5+ Kh8 20. b3 Na6 21.
Re6 Be7 22. Be3 Nb4 23. Rd1 Rd8 24. Bf3 Rxd1+ 25. Bxd1 Kg8 26. Be2 Kf7 27. Re5
Kf6 28. Bxc5 Bxc5 29. Rxc5 Rxa2 30. Bxb5 Rd2 31. Rc7 h6 32. Bc4 g5 33. Rb7 Nd3
34. Bxd3 Rxd3 35. Kg2 g4 36. h3 gxh3+ 37. Kxh3 f4 38. Kg4 fxg3 39. fxg3 Kg6 40.
b4 Rb3 41. Rb6+ Kg7 42. Rb8 Kf6 43. b5 Kg6 44. b6 Kf6 45. Kf4 Kg7 46. g4 Rb4+
47. Kf5 Kf7 48. Ke5 Kg7 49. Kd6 Rxg4 50. Rd8 Rd4+ 51. Kc7 Rc4+ 52. Kb8 h5 53.
b7 h4 54. Ka7 Rb4 55. b8=Q Rxb8 56. Rxb8 Kg6 57. Kb6 Kf5 58. Kc5 Kf4 59. Kd4 h3
60. Rh8 Kg3 61. Ke3 h2 62. Rg8+ Kh3 63. Kf2 1-0

[Event "SV Erkenschwick 1 - Oberhausener SV 1"]
[Site "NRW-Klasse, Gruppe 1 2014/201"]
[Date "2014.09.14"]
[Round "1.7"]
[White "Ciornei, Dragos"]
[Black "Eggenstein, Frank"]
[Result "1-0"]
[WhiteElo "2098"]
[BlackElo "1925"]
[Annotator "Doe,John"]
[PlyCount "61"]
[EventDate "2014.??.??"]
[WhiteTeam "Oberhausener SV 1"]
[BlackTeam "SV Erkenschwick 1"]

1. e4 e6 2. d4 d5 3. Nd2 Nf6 4. e5 Nfd7 5. Bd3 c5 6. c3 Nc6 7. Ne2 Qb6 8. O-O
cxd4 9. cxd4 Be7 10. Nf3 f6 11. exf6 Nxf6 12. Nf4 O-O 13. Re1 Bd6 14. Nxe6 Re8
15. Nc5 Rxe1+ 16. Qxe1 Nxd4 17. Nxd4 Bxc5 18. Nb3 Bd6 $11 19. Bg5 Bd7 20. Bxf6
gxf6 21. Qe2 Be8 22. Qg4+ Kf8 23. Nd4 Bf7 24. Nf5 Bg6 25. Nxd6 Bxd3 26. Qe6 Bg6
27. Qxf6+ Kg8 28. Qe6+ Kf8 29. Re1 Rd8 30. Qf6+ Kg8 31. Re7 1-0

[Event "SV Erkenschwick 1 - Oberhausener SV 1"]
[Site "NRW-Klasse, Gruppe 1 2014/201"]
[Date "2014.09.14"]
[Round "1.8"]
[White "Strozewski, Frank"]
[Black "Voge, Andreas"]
[Result "0-1"]
[WhiteElo "1955"]
[BlackElo "2076"]
[PlyCount "84"]
[EventDate "2014.??.??"]
[WhiteTeam "SV Erkenschwick 1"]
[BlackTeam "Oberhausener SV 1"]

1. c4 b6 2. Nc3 Bb7 3. d4 f5 4. Bf4 Nf6 5. h3 g6 6. e3 Bg7 7. Nf3 O-O 8. Be2 e6
9. O-O d6 10. b4 Nbd7 11. Qb3 Qe7 12. Rac1 Ne4 13. Nxe4 fxe4 14. Nd2 Bxd4 15.
c5 bxc5 16. bxc5 Bd5 17. cxd6 cxd6 18. Qc2 Rxf4 19. exf4 Nc5 20. Nb3 Nxb3 21.
axb3 e3 22. f3 Qh4 23. Kh2 Qxf4+ 24. g3 Qf6 25. b4 Rf8 26. Qc7 Bb6 27. Qc2 h5
28. f4 h4 29. g4 g5 30. Qd1 gxf4 31. Bf3 Bxf3 32. Rxf3 Qd4 33. Qxd4 Bxd4 34.
Kg2 e5 35. Rd1 e2 36. Re1 e4 37. Rxe2 exf3+ 38. Kxf3 Be5 39. Rc2 Rf7 40. g5 Kg7
41. Kg4 f3 42. Rf2 Bg3 0-1

[Event "Elberfelder SG 1 - SC Hansa Dortmund 2"]
[Site "NRW-Klasse, Gruppe 1 2014/201"]
[Date "2014.09.14"]
[Round "1.1"]
[White "Schmittdiel, Eckhard"]
[Black "Odendahl, Reiner"]
[Result "0-1"]
[WhiteElo "2427"]
[BlackElo "2273"]
[Annotator "Doe,John"]
[PlyCount "62"]
[EventDate "2014.??.??"]
[WhiteTeam "SC Hansa Dortmund 2"]
[BlackTeam "Elberfelder SG 1"]

1. e4 c5 2. c3 d6 3. d4 Nf6 4. Bd3 g6 5. Nf3 Bg7 6. h3 O-O 7. O-O Nc6 8. d5 Na5
9. c4 e5 10. a3 b6 11. Nc3 Bd7 12. b4 Nb7 13. Be3 Nh5 14. Bc2 Nf4 15. Ba4 Bxa4
16. Qxa4 f5 17. Kh2 h6 18. Qc2 Nh5 19. Rac1 Rf7 20. Qe2 f4 $11 21. Bd2 Nf6 22.
g3 fxg3+ 23. fxg3 Qd7 24. g4 Raf8 25. g5 Ng4+ 26. Kg3 h5 27. Ng1 Rf2 28. Rxf2
Rxf2 29. Qd3 h4+ 30. Kxh4 Nh2 31. Be3 Rg2 0-1

[Event "Elberfelder SG 1 - SC Hansa Dortmund 2"]
[Site "NRW-Klasse, Gruppe 1 2014/201"]
[Date "2014.09.14"]
[Round "1.2"]
[White "Hintze, Helge"]
[Black "Mainka, Romuald"]
[Result "0-1"]
[WhiteElo "2218"]
[BlackElo "2346"]
[Annotator "Doe,John"]
[PlyCount "92"]
[EventDate "2014.??.??"]
[WhiteTeam "Elberfelder SG 1"]
[BlackTeam "SC Hansa Dortmund 2"]

1. Nf3 e6 2. g3 Nf6 3. Bg2 d5 4. O-O Be7 5. d4 O-O 6. c4 dxc4 7. Ne5 Nc6 8.
Nxc6 bxc6 9. e3 a5 10. Qa4 Nd5 11. Qxc6 Nb6 12. Rd1 Bd7 13. Qe4 Ba4 14. Re1 Bb4
15. Bd2 Qd7 16. a3 Be7 17. Nc3 Bb3 18. Qe5 c6 19. Ne4 Na4 20. Bc3 Nxc3 21. bxc3
a4 22. Nd2 Bd6 23. Qh5 Qe7 24. Qe2 Bxa3 25. Nxc4 Bd6 26. Nd2 Qc7 27. Nxb3 axb3
28. Rxa8 Rxa8 29. Rb1 Rb8 30. Qc4 b2 31. Qxc6 Qxc6 32. Bxc6 Ba3 33. c4 Rb4 34.
Bb5 Rb3 35. Kg2 Rc3 36. c5 e5 37. dxe5 Rxc5 38. Bd3 Rxe5 39. Kf3 $11 Rc5 40.
Ke2 Rc1 41. f4 Kf8 42. e4 Ke7 43. e5 Kd7 44. Kf3 Kc6 45. e6 fxe6 46. Bxh7 Kc5
0-1

[Event "Elberfelder SG 1 - SC Hansa Dortmund 2"]
[Site "NRW-Klasse, Gruppe 1 2014/201"]
[Date "2014.09.14"]
[Round "1.3"]
[White "Tuncer, Ufuk"]
[Black "Kurr, Gerd"]
[Result "1/2-1/2"]
[WhiteElo "2333"]
[BlackElo "2190"]
[PlyCount "56"]
[EventDate "2014.??.??"]
[WhiteTeam "SC Hansa Dortmund 2"]
[BlackTeam "Elberfelder SG 1"]

1. Nf3 Nf6 2. c4 e6 3. g3 d5 4. Bg2 Be7 5. O-O O-O 6. b3 b6 7. cxd5 Nxd5 8. d4
Nd7 9. Bb2 Bb7 10. Nbd2 c5 11. Nc4 Qc7 12. dxc5 bxc5 13. Qd2 Rad8 14. Rfc1 N5b6
15. Qc2 Nxc4 16. Qxc4 Bd5 17. Qc2 Qb7 18. Ne1 Nf6 19. Rab1 Bxg2 20. Nxg2 Ne4
21. f3 Nd2 22. Ra1 Qa6 23. Re1 c4 24. Bc3 cxb3 25. axb3 Qb6+ 26. Kh1 Qxb3 27.
Qxb3 Nxb3 28. Rxa7 Bc5 1/2-1/2

[Event "Elberfelder SG 1 - SC Hansa Dortmund 2"]
[Site "NRW-Klasse, Gruppe 1 2014/201"]
[Date "2014.09.14"]
[Round "1.4"]
[White "Noetzel, Frank"]
[Black "Karger, Frank"]
[Result "1/2-1/2"]
[WhiteElo "2165"]
[BlackElo "2271"]
[PlyCount "54"]
[EventDate "2014.??.??"]
[WhiteTeam "Elberfelder SG 1"]
[BlackTeam "SC Hansa Dortmund 2"]

1. f4 b6 2. d3 Bb7 3. e4 e6 4. Nf3 d5 5. Qe2 dxe4 6. dxe4 Nf6 7. e5 Nd5 8. a3
a5 9. Bd2 Bc5 10. Nc3 Nxc3 11. Bxc3 O-O 12. h4 Ba6 13. Qe4 Qd5 14. Ng5 Qxe4+
15. Nxe4 Be7 16. h5 Rd8 17. Be2 Nd7 18. Bxa6 Rxa6 19. Rd1 Raa8 20. a4 Nc5 21.
Nxc5 Bxc5 22. Ke2 Kf8 23. Kf3 Bb4 24. Bd4 Bc5 25. Bc3 Bb4 26. Bd4 Bc5 27. Bc3
Bb4 1/2-1/2

[Event "Elberfelder SG 1 - SC Hansa Dortmund 2"]
[Site "NRW-Klasse, Gruppe 1 2014/201"]
[Date "2014.09.14"]
[Round "1.5"]
[White "Sundorf, Jannik"]
[Black "Kesseler, Heiko"]
[Result "1/2-1/2"]
[WhiteElo "2102"]
[BlackElo "1990"]
[PlyCount "64"]
[EventDate "2014.??.??"]
[WhiteTeam "SC Hansa Dortmund 2"]
[BlackTeam "Elberfelder SG 1"]

1. d4 Nf6 2. c4 e6 3. g3 d5 4. Nf3 dxc4 5. Bg2 Be7 6. O-O O-O 7. Qc2 c5 8. Rd1
Qb6 9. Na3 cxd4 10. Nxc4 Qc5 11. Nfe5 Nc6 12. Bxc6 bxc6 13. b4 Qd5 14. f3 Bxb4
15. e4 Qb5 16. Rb1 Rb8 17. Nd3 a5 18. a3 Ba6 19. Nxa5 Qxa5 20. Nxb4 c5 21. Nc6
d3 22. Rxb8 Rxb8 23. Nxa5 dxc2 24. Rd2 g5 25. Rxc2 g4 26. e5 Nd7 27. fxg4 Nxe5
28. Rxc5 f6 29. Bf4 Rb1+ 30. Rc1 Rxc1+ 31. Bxc1 Nxg4 32. Nb3 Bc4 1/2-1/2

[Event "Elberfelder SG 1 - SC Hansa Dortmund 2"]
[Site "NRW-Klasse, Gruppe 1 2014/201"]
[Date "2014.09.14"]
[Round "1.6"]
[White "Kuehne, Marco"]
[Black "Babar, Michael"]
[Result "1/2-1/2"]
[WhiteElo "2006"]
[BlackElo "2048"]
[PlyCount "28"]
[EventDate "2014.??.??"]
[WhiteTeam "Elberfelder SG 1"]
[BlackTeam "SC Hansa Dortmund 2"]

1. Nf3 g6 2. d4 Bg7 3. e4 d6 4. c3 Nd7 5. Bc4 Nb6 6. Bb3 c6 7. Bf4 Nf6 8. Nbd2
O-O 9. O-O Nh5 10. Be3 e5 11. dxe5 dxe5 12. Bxb6 Qxb6 13. Nc4 Qc7 14. Qd6 Qxd6
1/2-1/2

[Event "Elberfelder SG 1 - SC Hansa Dortmund 2"]
[Site "NRW-Klasse, Gruppe 1 2014/201"]
[Date "2014.09.14"]
[Round "1.7"]
[White "Berndt, Joachim"]
[Black "Bachmann, David"]
[Result "1-0"]
[WhiteElo "2068"]
[BlackElo "1930"]
[Annotator "Doe,John"]
[PlyCount "95"]
[EventDate "2014.??.??"]
[WhiteTeam "SC Hansa Dortmund 2"]
[BlackTeam "Elberfelder SG 1"]

1. Nf3 g6 2. g3 Bg7 3. Bg2 c5 4. d3 Nf6 5. e4 Nc6 6. O-O O-O 7. c3 e5 8. Nbd2
d5 9. Re1 d4 10. Nc4 Re8 11. a4 b6 12. Qc2 Ba6 13. Bd2 Bxc4 $11 14. dxc4 Rc8
15. Bh3 Rc7 16. Rad1 Qe7 17. b3 dxc3 18. Bxc3 Nd4 19. Qd3 Bh6 $11 20. Kg2 Nd7
21. a5 bxa5 22. Bxa5 Rb7 23. Nxd4 cxd4 24. b4 Nb8 25. b5 a6 26. Rb1 axb5 27.
cxb5 Nd7 28. Qc4 Reb8 29. Qc6 Nf6 30. Bb4 Qd8 31. Bd6 Rb6 32. Bxb8 Rxb8 33. b6
Ne8 34. Qd7 Qxd7 35. Bxd7 Nd6 36. Bc6 Bd2 37. Red1 Bc3 38. f4 Nc4 39. b7 Ne3+
40. Kf3 Nxd1 41. Rxd1 exf4 42. gxf4 Kf8 43. e5 f5 44. Ke2 g5 45. Kd3 gxf4 46.
Rf1 Kf7 47. Bd5+ Kg6 48. Rg1+ 1-0

[Event "Elberfelder SG 1 - SC Hansa Dortmund 2"]
[Site "NRW-Klasse, Gruppe 1 2014/201"]
[Date "2014.09.14"]
[Round "1.8"]
[White "Fuchs, Thomas"]
[Black "Linker, Walter"]
[Result "0-1"]
[WhiteElo "1958"]
[BlackElo "2050"]
[PlyCount "44"]
[EventDate "2014.??.??"]
[WhiteTeam "Elberfelder SG 1"]
[BlackTeam "SC Hansa Dortmund 2"]

1. e4 e5 2. Nf3 Nc6 3. Bb5 a6 4. Ba4 d6 5. c3 f5 6. d3 Nf6 7. Bg5 Be7 8. Nbd2
O-O 9. O-O Kh8 10. h3 Qe8 11. Nh4 b5 12. Bb3 Nh5 13. Bxe7 Nxe7 14. d4 Nf4 15.
dxe5 dxe5 16. Bc2 Neg6 17. Nxf5 Bxf5 18. exf5 Nh4 19. g3 Rd8 20. gxh4 Qe7 21.
Re1 Nxh3+ 22. Kh2 Qxh4 0-1

[Event "SV Letmathe 1 - SG Ennepe-Ruhr-Süd 1"]
[Site "NRW-Klasse, Gruppe 1 2014/201"]
[Date "2014.09.14"]
[Round "1.1"]
[White "Lupor, Stefan"]
[Black "Podzielny, Karl-Heinz"]
[Result "1/2-1/2"]
[WhiteElo "2219"]
[BlackElo "2419"]
[PlyCount "88"]
[EventDate "2014.??.??"]
[WhiteTeam "SG Ennepe-Ruhr-Süd 1"]
[BlackTeam "SV Letmathe 1"]

1. e4 c5 2. Nf3 e6 3. d4 cxd4 4. Nxd4 a6 5. Nc3 Qc7 6. Bd3 Nf6 7. Qe2 d6 8. O-O
Nbd7 9. Kh1 Be7 10. f4 b5 11. Bd2 Bb7 12. b4 O-O 13. a4 bxa4 14. Rxa4 Nb6 15.
Raa1 Nfd7 16. Bxa6 Rxa6 17. Rxa6 Bf6 18. Ra7 Bxd4 19. Nb5 Qb8 20. Rxb7 Qxb7 21.
Nxd4 Rc8 22. c3 Nc4 23. Bc1 Nf6 24. Re1 d5 25. exd5 Qxd5 26. Nf3 h6 27. Be3
Nxe3 28. Qxe3 Qb3 29. Nd4 Qxc3 30. Qxc3 Rxc3 31. Rb1 Rc4 32. Ne2 Nd5 33. b5 Re4
34. Ng1 Rxf4 35. b6 Rb4 36. Rxb4 Nxb4 37. g4 Kf8 38. Nf3 Nc6 39. Kg2 Ke7 40.
Kg3 g5 41. h4 f6 42. hxg5 hxg5 43. b7 Nb8 44. Nd2 Nd7 1/2-1/2

[Event "SV Letmathe 1 - SG Ennepe-Ruhr-Süd 1"]
[Site "NRW-Klasse, Gruppe 1 2014/201"]
[Date "2014.09.14"]
[Round "1.3"]
[White "Tripolsky, Eugen"]
[Black "Adamski, Jan"]
[Result "1/2-1/2"]
[WhiteElo "2218"]
[BlackElo "2276"]
[PlyCount "48"]
[EventDate "2014.??.??"]
[WhiteTeam "SG Ennepe-Ruhr-Süd 1"]
[BlackTeam "SV Letmathe 1"]

1. e4 c5 2. Nf3 a6 3. c3 g6 4. d4 cxd4 5. cxd4 d5 6. exd5 Nf6 7. Bc4 Bg7 8. O-O
O-O 9. Bg5 b5 10. Bb3 Nxd5 11. Bxd5 Qxd5 12. Bxe7 Re8 13. Nc3 Qh5 14. Bd6 Bg4
15. d5 Nd7 16. h3 Bxf3 17. Qxf3 Qxf3 18. gxf3 Bxc3 19. bxc3 Nf6 20. a4 Nxd5 21.
axb5 axb5 22. Rxa8 Rxa8 23. Be5 Rc8 24. Rb1 Nxc3 1/2-1/2

[Event "SV Letmathe 1 - SG Ennepe-Ruhr-Süd 1"]
[Site "NRW-Klasse, Gruppe 1 2014/201"]
[Date "2014.09.14"]
[Round "1.4"]
[White "Schleining, Zoya"]
[Black "Arndt, Stefan"]
[Result "1/2-1/2"]
[WhiteElo "2312"]
[BlackElo "2136"]
[PlyCount "101"]
[EventDate "2014.??.??"]
[WhiteTeam "SV Letmathe 1"]
[BlackTeam "SG Ennepe-Ruhr-Süd 1"]

1. Nf3 c5 2. e4 e6 3. Nc3 a6 4. g3 b5 5. Bg2 Bb7 6. d3 Nf6 7. O-O d5 8. exd5
Nxd5 9. Nxd5 Bxd5 10. c4 Bc6 11. Be3 bxc4 12. dxc4 Qxd1 13. Rfxd1 Be7 14. Nd2
Bxg2 15. Kxg2 f5 16. Nb3 Nd7 17. Na5 Rc8 18. Rd2 g5 19. Rad1 Ne5 20. Re2 Ng6
21. Bd2 Kf7 22. Bc3 Rhd8 23. Red2 Rxd2 24. Rxd2 Rc7 25. Nb3 Nf8 26. Nc1 Rd7 27.
Rxd7 Nxd7 28. Nd3 g4 29. h3 Bf6 30. Bxf6 Kxf6 31. hxg4 fxg4 32. Kf1 Kf5 33. Ke2
e5 34. Ke3 h5 35. b3 a5 36. Nb2 Nb6 37. Nd1 a4 38. Nc3 axb3 39. axb3 Nd7 40.
Ne4 Ke6 41. Kd2 Kf5 42. Kd3 Ke6 43. Nc3 Nf6 44. Ne4 Nd7 45. Ke3 Kf5 46. Nd6+
Ke6 47. Ne8 Ke7 48. Nc7 Kd6 49. Nd5 Ke6 50. Ke4 Nb8 51. Nc7+ 1/2-1/2

[Event "SV Letmathe 1 - SG Ennepe-Ruhr-Süd 1"]
[Site "NRW-Klasse, Gruppe 1 2014/201"]
[Date "2014.09.14"]
[Round "1.5"]
[White "Moors, Hans"]
[Black "Soukup, Jiri"]
[Result "0-1"]
[WhiteElo "2082"]
[BlackElo "2315"]
[PlyCount "80"]
[EventDate "2014.??.??"]
[WhiteTeam "SG Ennepe-Ruhr-Süd 1"]
[BlackTeam "SV Letmathe 1"]

1. d4 d5 2. c4 e6 3. Nc3 Nf6 4. Bg5 Be7 5. e3 O-O 6. cxd5 Nxd5 7. Bxe7 Qxe7 8.
Nxd5 exd5 9. Bd3 f5 10. Ne2 c6 11. Qc2 a5 12. h4 Na6 13. a3 g6 14. Nf4 Nc7 15.
g3 Bd7 16. Rc1 Ne8 17. Qc5 Nd6 18. Kf1 Be8 19. Kg2 h6 20. Be2 Qf6 21. Nd3 Nc4
22. Rxc4 dxc4 23. Qxc4+ Bf7 24. Qc5 Bd5+ 25. Bf3 Bxf3+ 26. Kxf3 Qe6 27. Ne5
Rfd8 28. Rc1 Rd5 29. Qc4 g5 30. hxg5 hxg5 31. Ke2 Rad8 32. Nd3 Kg7 33. Qc3 Qh6
34. Kd2 Qh2 35. Rf1 Qg2 36. Qc1 Re8 37. Rg1 Qe4 38. Qd1 Rh8 39. Kc1 b6 40. Qe2
Rxd4 0-1

[Event "SV Letmathe 1 - SG Ennepe-Ruhr-Süd 1"]
[Site "NRW-Klasse, Gruppe 1 2014/201"]
[Date "2014.09.14"]
[Round "1.6"]
[White "Gruermann, Martin"]
[Black "Bruchmann, Norbert"]
[Result "1-0"]
[WhiteElo "2090"]
[BlackElo "2094"]
[PlyCount "95"]
[EventDate "2014.??.??"]
[WhiteTeam "SV Letmathe 1"]
[BlackTeam "SG Ennepe-Ruhr-Süd 1"]

1. Nf3 Nf6 2. c4 c5 3. g3 g6 4. Bg2 Bg7 5. d4 cxd4 6. Nxd4 Nc6 7. Nc3 O-O 8.
O-O a6 9. b3 Ne4 10. Bxe4 Nxd4 11. Bb2 d6 12. e3 Ne6 13. Bg2 Rb8 14. Qe2 b5 15.
Rfd1 Bb7 16. Rac1 Bxg2 17. Kxg2 bxc4 18. Qxc4 Qa5 19. Qe2 Qb6 20. Nd5 Qb7 21.
Bxg7 Kxg7 22. Kg1 Rfc8 23. Qd3 Ng5 24. e4 e6 25. Nc3 e5 26. Qxd6 Re8 27. Qd3
Rbd8 28. Nd5 Rc8 29. Qe3 Ne6 30. Qf3 Nd4 31. Qf6+ Kh6 32. Rxc8 Qxc8 33. Ne3 Qh3
34. Re1 Rc8 35. Qxf7 a5 36. Nc4 Re8 37. Re3 Re6 38. Nxe5 Rxe5 39. Qf8+ Kh5 40.
Qg7 Rc5 41. Qxh7+ Kg4 42. Qd7+ Nf5 43. Qd1+ Kg5 44. exf5 Qh8 45. fxg6 Qc8 46.
Kg2 Qc6+ 47. Qf3 Qxg6 48. Qf4+ 1-0

[Event "SV Letmathe 1 - SG Ennepe-Ruhr-Süd 1"]
[Site "NRW-Klasse, Gruppe 1 2014/201"]
[Date "2014.09.14"]
[Round "1.7"]
[White "Osswald, Luis Monty"]
[Black "Oswald, Hans-Joachim"]
[Result "0-1"]
[WhiteElo "1986"]
[BlackElo "2170"]
[PlyCount "84"]
[EventDate "2014.??.??"]
[WhiteTeam "SG Ennepe-Ruhr-Süd 1"]
[BlackTeam "SV Letmathe 1"]

1. e4 d5 2. exd5 Nf6 3. c4 e6 4. dxe6 Bxe6 5. Nf3 Nc6 6. Be2 Bc5 7. O-O Qd7 8.
b4 Bd4 9. Nxd4 Qxd4 10. Qb3 Qxa1 11. Bb2 Nd4 12. Qa3 Nxe2+ 13. Kh1 Qxb2 14.
Qxb2 O-O-O 15. d3 Nf4 16. Nc3 Nxd3 17. Qa3 Kb8 18. Nd5 Nxd5 19. Qxd3 Nxb4 20.
Qc3 Nc6 21. Qxg7 Bxc4 22. Rc1 Bxa2 23. h3 Bd5 24. f3 a5 25. Rc5 Rhe8 26. Qg5
Be6 27. Rxc6 bxc6 28. Qxa5 Rd5 29. Qa6 Rd1+ 30. Kh2 Bd5 31. Qa5 Rb1 32. Qd2
Rbe1 33. Qb4+ Kc8 34. h4 h5 35. Qf4 R1e2 36. Qf5+ Kb7 37. Qh7 Ra2 38. Qb1+ Ka8
39. Kh3 Rg8 40. g3 Be6+ 41. g4 hxg4+ 42. Kg3 Ra3 0-1

[Event "SV Letmathe 1 - SG Ennepe-Ruhr-Süd 1"]
[Site "NRW-Klasse, Gruppe 1 2014/201"]
[Date "2014.09.14"]
[Round "1.8"]
[White "Hunold, Rolf"]
[Black "Heller, Achim"]
[Result "1-0"]
[WhiteElo "1954"]
[BlackElo "1942"]
[PlyCount "51"]
[EventDate "2014.??.??"]
[WhiteTeam "SV Letmathe 1"]
[BlackTeam "SG Ennepe-Ruhr-Süd 1"]

1. e4 c6 2. d4 d5 3. e5 Bf5 4. Nf3 e6 5. Be2 Ne7 6. Be3 Nd7 7. Nbd2 c5 8. c3
Nc6 9. O-O Be7 10. a3 O-O 11. b4 cxd4 12. cxd4 f6 13. exf6 Bxf6 14. Nb3 Rc8 15.
Rc1 Ne7 16. Qd2 Rxc1 17. Rxc1 Be4 18. Ng5 Bxg5 19. Bxg5 h6 20. Bxe7 Qxe7 21. f3
Nf6 22. fxe4 Nxe4 23. Qe3 Qh4 24. Rf1 Rf5 25. Nc5 Rxf1+ 26. Bxf1 1-0

[Event "SG Niederkassel 1 - LSV Turm Lippstadt "]
[Site "NRW-Klasse, Gruppe 1 2014/201"]
[Date "2014.09.14"]
[Round "1.1"]
[White "Wehmeier, Stefan"]
[Black "Stanetzek, Carsten"]
[Result "1-0"]
[WhiteElo "2407"]
[BlackElo "2193"]
[PlyCount "61"]
[EventDate "2014.??.??"]
[WhiteTeam "LSV Turm Lippstadt 1"]
[BlackTeam "SG Niederkassel 1"]

1. d4 d5 2. c4 c6 3. Nf3 Nf6 4. Nc3 dxc4 5. e3 b5 6. a4 b4 7. Nb1 Ba6 8. Be2 e6
9. O-O c5 10. Nbd2 c3 11. bxc3 bxc3 12. Nc4 Nbd7 13. Qc2 Qc7 14. Rd1 Rc8 15.
Nd6+ Bxd6 16. Bxa6 Rb8 17. Qxc3 Nd5 18. Qd2 c4 19. e4 Nb4 20. Bb5 c3 21. Qg5 c2
22. Re1 g6 23. Qf6 Rf8 24. Qg7 a6 25. Bf1 h5 26. Ra3 Be7 27. Qh6 Qa5 28. Bd2
Qb6 29. Rc3 Bf6 30. Rc4 Nc6 31. d5 1-0

[Event "SG Niederkassel 1 - LSV Turm Lippstadt "]
[Site "NRW-Klasse, Gruppe 1 2014/201"]
[Date "2014.09.14"]
[Round "1.2"]
[White "Mende, Andreas"]
[Black "Wagner, Alexej"]
[Result "0-1"]
[WhiteElo "2138"]
[BlackElo "2193"]
[PlyCount "70"]
[EventDate "2014.??.??"]
[WhiteTeam "SG Niederkassel 1"]
[BlackTeam "LSV Turm Lippstadt 1"]

1. d4 d5 2. c4 dxc4 3. e4 e5 4. Nf3 exd4 5. Bxc4 Nc6 6. O-O Be6 7. Bb5 Bc5 8.
Ng5 Qd7 9. Nxe6 Qxe6 10. b4 Bb6 11. a4 a6 12. Bxc6+ bxc6 13. a5 Ba7 14. Bf4 Nf6
15. Bxc7 O-O 16. Nd2 Nxe4 17. Nf3 Nc3 18. Qd3 Nd5 19. Bg3 Nxb4 20. Qd2 c5 21.
Rfe1 Qb3 22. Qg5 Qd5 23. Qg4 Nc6 24. Ng5 c4 25. Qh4 h6 26. Ne4 f5 27. Nd6 Rad8
28. Rab1 Rxd6 29. Bxd6 Qxd6 30. Rb7 c3 31. Re2 Kh7 32. Rc2 d3 33. Rxc3 d2 34.
Rxg7+ Kxg7 35. Rg3+ Kh7 0-1

[Event "SG Niederkassel 1 - LSV Turm Lippstadt "]
[Site "NRW-Klasse, Gruppe 1 2014/201"]
[Date "2014.09.14"]
[Round "1.3"]
[White "Hecht, Carsten"]
[Black "Rybarczyk, Klaus"]
[Result "0-1"]
[WhiteElo "2167"]
[BlackElo "2161"]
[PlyCount "86"]
[EventDate "2014.??.??"]
[WhiteTeam "LSV Turm Lippstadt 1"]
[BlackTeam "SG Niederkassel 1"]

1. e4 c5 2. Nf3 d6 3. d4 cxd4 4. Nxd4 Nf6 5. Nc3 a6 6. Bg5 Nbd7 7. f4 Qc7 8.
Qe2 e5 9. Nf5 h6 10. fxe5 dxe5 11. Bd2 b5 12. a3 Bb7 13. g3 Nc5 14. Bg2 g6 15.
Nh4 Ne6 16. O-O Bg7 17. Be3 O-O 18. Rad1 Nd4 19. Bxd4 exd4 20. e5 Bxg2 21. Nxg2
Ng4 22. Qxg4 dxc3 23. bxc3 Bxe5 24. Rd7 Qxc3 25. Qe4 Rad8 26. Rxd8 Rxd8 27. Qb7
Qc5+ 28. Kh1 Qc4 29. Ne3 Qe6 30. Qf3 Rd2 31. Ng4 Bg7 32. Rf2 f5 33. Rxd2 Qe1+
34. Kg2 Qxd2+ 35. Nf2 Qxc2 36. Qa8+ Kh7 37. Qxa6 Bd4 38. Qb7+ Kh8 39. Qb8+ Kg7
40. Qb7+ Kf6 41. Qa6+ Kg5 42. h4+ Kh5 43. g4+ Kxh4 0-1

[Event "SG Niederkassel 1 - LSV Turm Lippstadt "]
[Site "NRW-Klasse, Gruppe 1 2014/201"]
[Date "2014.09.14"]
[Round "1.4"]
[White "Bussard, Christian"]
[Black "Grobbel, Rainer"]
[Result "1/2-1/2"]
[WhiteElo "2111"]
[BlackElo "2120"]
[PlyCount "33"]
[EventDate "2014.??.??"]
[WhiteTeam "SG Niederkassel 1"]
[BlackTeam "LSV Turm Lippstadt 1"]

1. d4 d5 2. c4 e6 3. Nc3 Nf6 4. Nf3 Be7 5. e3 O-O 6. Be2 b6 7. O-O Bb7 8. b3
Nbd7 9. Bb2 c5 10. cxd5 Nxd5 11. Rc1 Rc8 12. Nxd5 Bxd5 13. Re1 cxd4 14. Qxd4
Bf6 15. Qd2 Bxb2 16. Qxb2 Qe7 17. Red1 1/2-1/2

[Event "SG Niederkassel 1 - LSV Turm Lippstadt "]
[Site "NRW-Klasse, Gruppe 1 2014/201"]
[Date "2014.09.14"]
[Round "1.5"]
[White "Roemhild, Marcus"]
[Black "Broehl, Stephan"]
[Result "1/2-1/2"]
[WhiteElo "2039"]
[BlackElo "2132"]
[PlyCount "34"]
[EventDate "2014.??.??"]
[WhiteTeam "LSV Turm Lippstadt 1"]
[BlackTeam "SG Niederkassel 1"]

1. c4 c6 2. g3 d5 3. Bg2 Nf6 4. Nf3 Bf5 5. O-O e6 6. b3 h6 7. Bb2 Be7 8. d3 O-O
9. Nbd2 Nbd7 10. Qc2 Bh7 11. Rac1 a5 12. Rfd1 Bd6 13. e4 Qb8 14. Re1 dxe4 15.
Nxe4 Nxe4 16. dxe4 Ne5 17. Nxe5 Bxe5 1/2-1/2